The art of happiness : (Record no. 131808)

MARC details
000 -LEADER
fixed length control field 00710nam a22002417a 4500
003 - CONTROL NUMBER IDENTIFIER
control field dpl
005 - DATE AND TIME OF LATEST TRANSACTION
control field 20180806152437.0
008 - FIXED-LENGTH DATA ELEMENTS--GENERAL INFORMATION
fixed length control field 180806b xxu||||| |||| 00| 0 eng d
010 ## - LIBRARY OF CONGRESS CONTROL NUMBER
LC control number A-612893
020 ## - INTERNATIONAL STANDARD BOOK NUMBER
Terms of availability 00.00
035 ## - SYSTEM CONTROL NUMBER
System control number A-612893, A-612895
037 ## - SOURCE OF ACQUISITION
Source of stock number/acquisition Cen Lib/Ret
040 ## - CATALOGING SOURCE
Original cataloging agency DPL
Language of cataloging EN
Transcribing agency 0
082 ## - DEWEY DECIMAL CLASSIFICATION NUMBER
Classification number 131
Item number DAV
100 ## - MAIN ENTRY--PERSONAL NAME
Personal name Davar, Rustom S.
9 (RLIN) 32861
245 ## - TITLE STATEMENT
Title The art of happiness :
Statement of responsibility, etc by Rustom S. Davar
Remainder of title wisdom of the ancients /
260 ## - PUBLICATION, DISTRIBUTION, ETC. (IMPRINT)
Place of publication, distribution, etc New Delhi
Name of publisher, distributor, etc UBS Publishers
Date of publication, distribution, etc 1993
270 ## - ADDRESS
City New Delhi
Address 5, ansari road
Postal code 110002
300 ## - PHYSICAL DESCRIPTION
Extent x, 214p.
Dimensions 21cm(Hb)
650 ## - SUBJECT ADDED ENTRY--TOPICAL TERM
Topical term or geographic name as entry element Psychology
9 (RLIN) 32862
650 ## - SUBJECT ADDED ENTRY--TOPICAL TERM
Topical term or geographic name as entry element Human awareness
9 (RLIN) 32863
942 ## - ADDED ENTRY ELEMENTS (KOHA)
Source of classification or shelving scheme Dewey Decimal Classification
Koha item type English Books
Classification part 131
Call number suffix DAV
Holdings
Withdrawn status Lost status Damaged status Not for loan Home library Current library Date acquired Source of acquisition Cost, normal purchase price Total Checkouts Full call number Barcode Date last seen Copy number Cost, replacement price Price effective from Koha item type Source of classification or shelving scheme Collection code
        Central Library Central Library 16/07/2015 Cen Lib/Ret 0.00   131 DAV A-612893 16/07/2015 1 0.00 16/07/2015 English Books    
        Patel Nagar Patel Nagar 06/08/2018 BPPD/PUB 0.00   131 DAV A-612895 06/08/2018   0.00 06/08/2018 English Books Dewey Decimal Classification Non-fiction

© Delhi Public Library
Hit Counter
free hit counter